Συνοπτική ιστορία των τεχνικών
Αποθηκεύτηκε σε:
| Κύριος συγγραφέας: | |
|---|---|
| Μορφή: | Βιβλίο |
| Γλώσσα: | Greek French |
| Δημοσίευση: |
Αθήνα :
Πολιτιστικό Τεχνολογικό Ίδρυμα ΕΤΒΑ,
[c1990].
|
| Θέματα: | |
| Ετικέτες: |
Προσθήκη ετικέτας
Δεν υπάρχουν, Καταχωρήστε ετικέτα πρώτοι!
|
MARC
| LEADER | 00000cam a2200000 i 4500 | ||
|---|---|---|---|
| 001 | 1/53511 | ||
| 008 | 001107s1990 gr | ||| |||| ||gre|| | ||
| 020 | |a 9602440333 | ||
| 035 | |l 10073110 | ||
| 040 | |a GR-MyUa |b gre |e AACR2 | ||
| 041 | 1 | |a gre |h fre | |
| 082 | 7 | |a 609 |2 (21) | |
| 100 | 1 | |a Jacomy, Bruno. | |
| 245 | 1 | 0 | |a Συνοπτική ιστορία των τεχνικών / |c Bruno Jacomy ; μετάφραση Χριστίνα Αγριαντώνη. |
| 260 | |a Αθήνα : |b Πολιτιστικό Τεχνολογικό Ίδρυμα ΕΤΒΑ, |c [c1990]. | ||
| 300 | |a 430 σ. ; |c 22 εκ. | ||
| 504 | |a Περιέχει βιβλιογραφικές παραπομπές. | ||
| 534 | |p Τίτλος πρωτοτύπου : |t Une histoire des techniques. | ||
| 650 | 0 | |a Technology |x History. | |
| 852 | |a INST |b SAMOS |e 20181010 |h 609 JAC |p 005300045639 |q 005300045639 |t BK |y 0 | ||
| 852 | |a INST |b SYROS |e 20010201 |h 609 JAC |p 005500001482 |q 005500001482 |t BK |y 0 | ||
| 852 | |a INST |b SYROS |e 20010201 |h 609 JAC |p 005500001483 |q 005500001483 |t BK |y 0 | ||
| 852 | |a INST |b SYROS |e 20010201 |h 609 JAC |p 005500001484 |q 005500001484 |t BK |y 0 | ||
| 852 | |a INST |b SYROS |e 20010201 |h 609 JAC |p 005500001485 |q 005500001485 |t BK |y 0 | ||
| 852 | |a INST |b SYROS |e 20010201 |h 609 JAC |p 005500001486 |q 005500001486 |t BK |y 0 | ||
| 852 | |a INST |b SYROS |e 20010108 |h 609 JAC |p 005500001820 |q 005500001820 |t BK |y 0 | ||
| 852 | |a INST |b SYROS |e 20010108 |h 609 JAC |p 005500001821 |q 005500001821 |t BK |y 0 | ||
| 852 | |a INST |b SYROS |e 20010108 |h 609 JAC |p 005500001822 |q 005500001822 |t BK |y 0 | ||
| 852 | |a INST |b SYROS |e 20010108 |h 609 JAC |p 005500001823 |q 005500001823 |t BK |y 0 | ||
| 852 | |a INST |b SYROS |e 20010108 |h 609 JAC |p 005500001824 |q 005500001824 |t BK |y 0 | ||
| 852 | |a INST |b SYROS |e 20010108 |h 609 JAC |p 005500001825 |q 005500001825 |t BK |y 0 | ||
| 852 | |a INST |b SYROS |e 20001107 |h 609 JAC |p 005500002202 |q 005500002202 |t BK |y 0 | ||
| 852 | |a INST |b SYROS |e 20041125 |h 609 JAC |p 005500003844 |q 005500003844 |t BK |y 0 | ||
| 901 | |a BIBL5-2000-3 | ||
| 922 | |a 5ΕΛΗ |b 200008 |c Βιβλιοθήκη |d Παπασωτηρίου | ||
| 950 | |a 183-2000-07-05 | ||
| 970 | |a Πουρνάρας |b Δημήτρης |z 08/12/2000 | ||